[Event "HUN-chT2 Breyer 1314"]
[Site "Hungary"]
[Date "2014.02.16"]
[Round "5.7"]
[White "Magyar, Jozsef"]
[Black "Sarok, Peter"]
[Result "0-1"]
[WhiteElo "1923"]
[BlackElo "2157"]
[PlyCount "66"]
[EventDate "2013.09.08"]
[EventType "team-tourn"]
[EventRounds "9"]
[EventCountry "HUN"]
[SourceTitle "EXT 2016"]
[Source "ChessBase"]
[SourceDate "2015.10.08"]
[SourceVersion "1"]
[SourceVersionDate "2015.10.08"]
[SourceQuality "1"]
[WhiteTeam "Pet"]
[BlackTeam "Kisber Aszar"]
[WhiteTeamCountry "HUN"]
[BlackTeamCountry "HUN"]

1. d4 Nf6 2. Nf3 g6 3. Bf4 Bg7 4. c3 0-0 5. e3 d6 6. Be2 Nbd7 7. 0-0 Nh5 8. Bg5 Qe8 9. Nfd2 Nhf6 10. h3 e5 11. Na3 h6 12. Bh4 a6 13. Bg3 Nh7 14. Qb3 Qe7 15. Bd3 Kh8 16. Rae1 f5 17. f3 Nhf6 18. Qc2 b6 19. e4 f4 20. Bf2 Nh5 21. Kh2 Qg5 22. Rg1 Ng3 23. Nf1 Nxf1+ 24. Rexf1 Qh5 25. Qd1 g5 26. Be2 Qf7 27. Bc4 Qe7 28. Qb3 Nf6 29. dxe5 dxe5 30. Rh1 Bd7 31. Rd1 Qe8 32. Kg1 Ba4 33. Qb4 a5 0-1

[Event "HUN-chT2 Szechenyi 0708"]
[Site "Hungary"]
[Date "2008.03.30"]
[Round "9"]
[White "Geroly, Jozsef"]
[Black "Magyar, Jozsef"]
[Result "1/2-1/2"]
[WhiteElo "2048"]
[BlackElo "1961"]
[PlyCount "131"]
[EventDate "2007.10.14"]
[EventType "team"]
[EventRounds "11"]
[EventCountry "HUN"]
[SourceTitle "EXT 2009"]
[Source "ChessBase"]
[SourceDate "2008.11.26"]
[SourceVersion "1"]
[SourceVersionDate "2008.11.26"]
[SourceQuality "1"]
[WhiteTeam "Veszprem"]
[BlackTeam "Peti MTE"]
[WhiteTeamCountry "HUN"]
[BlackTeamCountry "HUN"]

1. Nf3 Nf6 2. d4 d5 3. g3 c6 4. Bg2 Bf5 5. c4 e6 6. Nc3 Bb4 7. Qb3 Bxc3+ 8. bxc3 Qa5 9. 0-0 Qa6 10. cxd5 exd5 11. Ba3 Nbd7 12. Ne5 Bc2 13. Qxc2 Qxa3 14. Nxd7 Nxd7 15. e4 dxe4 16. Qxe4+ Qe7 17. Rfe1 Qxe4 18. Rxe4+ Kd8 19. Rb1 Rb8 20. Re2 Nb6 21. Rbe1 Rf8 22. Re7 Nc8 23. R7e2 Nd6 24. Rb1 Kd7 25. Kf1 Rfe8 26. Rxe8 Rxe8 27. c4 Kc7 28. c5 Nb5 29. d5 Rd8 30. d6+ Kc8 31. Bh3+ Kb8 32. Re1 b6 33. d7 bxc5 34. Rc1 Kc7 35. Rxc5 g6 36. a4 Nd6 37. Bg2 Kxd7 38. Rxc6 Rc8 39. Rxc8 Kxc8 40. Ke2 Kc7 41. Kd3 Kb6 42. Kd4 f5 43. Bd5 Ka5 44. Bc6 Ne4 45. Bxe4 fxe4 46. Kxe4 Kxa4 47. f4 Kb4 48. g4 Kc5 49. Ke5 Kc6 50. Ke6 a5 51. f5 gxf5 52. gxf5 a4 53. f6 a3 54. f7 a2 55. f8Q a1Q 56. Qd6+ Kb5 57. Qb8+ Kc4 58. Qc7+ Kb5 59. Qb7+ Kc4 60. Qc6+ Kb4 61. Qe4+ Kb3 62. Qxh7 Qa6+ 63. Kf7 Qb7+ 64. Kg8 Qc8+ 65. Kg7 Qd7+ 66. Kh8 1/2-1/2

[Event "HUN-chT2 Szechenyi 0708"]
[Site "Hungary"]
[Date "2007.11.11"]
[Round "2"]
[White "Magyar, Jozsef"]
[Black "Ludvai, Zsolt"]
[Result "1/2-1/2"]
[WhiteElo "1961"]
[BlackElo "1957"]
[PlyCount "26"]
[EventDate "2007.10.14"]
[EventType "team"]
[EventRounds "11"]
[EventCountry "HUN"]
[SourceTitle "EXT 2009"]
[Source "ChessBase"]
[SourceDate "2008.11.26"]
[SourceVersion "1"]
[SourceVersionDate "2008.11.26"]
[SourceQuality "1"]
[WhiteTeam "Peti MTE"]
[BlackTeam "Ajka Banyasz"]
[WhiteTeamCountry "HUN"]
[BlackTeamCountry "HUN"]

1. d4 Nf6 2. Nf3 g6 3. c3 Bg7 4. Bf4 d6 5. h3 0-0 6. Nbd2 Nbd7 7. Qc2 Re8 8. 0-0-0 c5 9. e3 a6 10. g4 b5 11. Bg2 Bb7 12. Rhg1 c4 13. Ng5 Bxg2 1/2-1/2

[Event "HUN-chT2 Breyer 0405"]
[Site "Hungary"]
[Date "2005.02.20"]
[Round "8"]
[White "Zanaty, Zsolt"]
[Black "Magyar, Jozsef"]
[Result "1/2-1/2"]
[WhiteElo "2175"]
[BlackElo "2020"]
[PlyCount "54"]
[EventDate "2004.09.26"]
[EventType "team"]
[EventRounds "11"]
[EventCountry "HUN"]
[SourceTitle "EXT 2009"]
[Source "ChessBase"]
[SourceDate "2008.11.26"]
[SourceVersion "1"]
[SourceVersionDate "2008.11.26"]
[SourceQuality "1"]
[WhiteTeam "MAFC"]
[BlackTeam "Pet"]
[WhiteTeamCountry "HUN"]
[BlackTeamCountry "HUN"]

1. e4 c6 2. d4 d5 3. Nc3 dxe4 4. Nxe4 Nd7 5. Bc4 e6 6. Nf3 Ngf6 7. Nxf6+ Nxf6 8. 0-0 Be7 9. Bb3 0-0 10. Qe2 Re8 11. Bg5 Nd5 12. Bxe7 Nxe7 13. Rad1 a5 14. c4 b6 15. Rfe1 Qc7 16. Qe4 Ng6 17. g3 Bb7 18. c5 b5 19. Ng5 Nf8 20. Qe3 a4 21. Bc2 g6 22. Ne4 Qe7 23. Qf4 Nd7 24. Nd6 Reb8 25. Be4 Nf6 26. Qf3 Nd5 27. Rd2 b4 1/2-1/2

[Event "HUN-chT2 Breyer 0405"]
[Site "Hungary"]
[Date "2004.12.19"]
[Round "5"]
[White "Magyar, Jozsef"]
[Black "Rabovszky, Gyorgy"]
[Result "1/2-1/2"]
[WhiteElo "2020"]
[BlackElo "2038"]
[PlyCount "134"]
[EventDate "2004.09.26"]
[EventType "team"]
[EventRounds "11"]
[EventCountry "HUN"]
[SourceTitle "EXT 2009"]
[Source "ChessBase"]
[SourceDate "2008.11.26"]
[SourceVersion "1"]
[SourceVersionDate "2008.11.26"]
[SourceQuality "1"]
[WhiteTeam "Pet"]
[BlackTeam "Honved II"]
[WhiteTeamCountry "HUN"]
[BlackTeamCountry "HUN"]

1. d4 Nf6 2. Nf3 e6 3. Bg5 Be7 4. e3 c5 5. c3 d5 6. Bb5+ Bd7 7. Bxd7+ Nbxd7 8. Nbd2 0-0 9. 0-0 h6 10. Bh4 c4 11. Re1 b5 12. e4 dxe4 13. Nxe4 Nxe4 14. Rxe4 g5 15. Bg3 f5 16. Rxe6 f4 17. Qe2 Bf6 18. Qe4 Bg7 19. Rd6 Rf7 20. Qd5 Rb8 21. Ne5 Bxe5 22. dxe5 Kg7 23. Rd1 fxg3 24. hxg3 a6 25. Qxf7+ Kxf7 26. Rxd7+ Qxd7 27. Rxd7+ Ke6 28. Rd6+ Kxe5 29. Rxh6 a5 30. Ra6 Ke4 31. Rd6 Rc8 32. a3 b4 33. cxb4 axb4 34. axb4 Rb8 35. Rd2 Rxb4 36. Kf1 Ra4 37. Ke2 Rb4 38. Kd1 Ke5 39. Kc2 Rb3 40. Rd8 Rb5 41. Rf8 Ke4 42. f4 Ke3 43. f5 Kf2 44. g4 Kg3 45. f6 Kxg4 46. Rc8 Rf5 47. Rxc4+ Kg3 48. Rc6 Kxg2 49. Kd3 Kf3 50. b4 g4 51. Rc1 Kf2 52. Rc6 g3 53. Ke4 Rb5 54. Rc2+ Kf1 55. Rb2 g2 56. f7 Rb8 57. Ke5 g1Q 58. Rb1+ Kf2 59. Rxg1 Kxg1 60. Ke6 Kf2 61. b5 Ke3 62. Kd7 Kd4 63. b6 Kc5 64. Ke7 Kd5 65. f8Q Rxf8 66. Kxf8 Kc6 67. b7 Kxb7 1/2-1/2

[Event "HUN-chT2 Breyer 0304"]
[Site "Hungary"]
[Date "2003.11.16"]
[Round "3"]
[White "Bardoczy, Karoly"]
[Black "Magyar, Jozsef"]
[Result "1-0"]
[WhiteElo "2017"]
[BlackElo "2065"]
[PlyCount "37"]
[EventDate "2003.09.28"]
[EventType "team"]
[EventRounds "11"]
[EventCountry "HUN"]
[SourceTitle "EXT 2009"]
[Source "ChessBase"]
[SourceDate "2008.11.26"]
[SourceVersion "1"]
[SourceVersionDate "2008.11.26"]
[SourceQuality "1"]
[WhiteTeam "Vizugy II"]
[BlackTeam "Pet"]
[WhiteTeamCountry "HUN"]
[BlackTeamCountry "HUN"]

1. e4 c6 2. d4 d5 3. exd5 cxd5 4. Bd3 Nf6 5. h3 Nc6 6. Nf3 e6 7. c3 h6 8. Qc2 Bd6 9. 0-0 0-0 10. Be3 Qc7 11. Nbd2 Bd7 12. Rfe1 Rfe8 13. Nf1 a6 14. Qd2 b5 15. Bxh6 gxh6 16. Qxh6 Ne4 17. Bxe4 dxe4 18. Rxe4 Ne7 19. Ng5 1-0

[Event "HUN-chT2 Breyer 0203"]
[Site "Hungary"]
[Date "2003.03.23"]
[Round "9"]
[White "Boncz, Adam"]
[Black "Magyar, Jozsef"]
[Result "1/2-1/2"]
[WhiteElo "1869"]
[BlackElo "1940"]
[PlyCount "123"]
[EventDate "2002.09.22"]
[EventType "team"]
[EventRounds "11"]
[EventCountry "HUN"]
[SourceTitle "EXT 2009"]
[Source "ChessBase"]
[SourceDate "2008.11.26"]
[SourceVersion "1"]
[SourceVersionDate "2008.11.26"]
[SourceQuality "1"]

1. e4 c6 2. d4 d5 3. exd5 cxd5 4. c4 Nf6 5. Nc3 e6 6. Bf4 Bd6 7. Bg3 dxc4 8. Bxc4 0-0 9. Nf3 a6 10. a4 Nc6 11. 0-0 Bxg3 12. hxg3 Qb6 13. Qb3 Qxb3 14. Bxb3 Rd8 15. Rad1 Ne7 16. Rfe1 h6 17. Re5 Nc6 18. Re2 Nb4 19. Red2 Nfd5 20. Bxd5 Nxd5 21. Nxd5 Rxd5 22. Rc1 Bd7 23. b3 f6 24. Rdc2 Bc6 25. Rc5 Rad8 26. Kf1 h5 27. Ke2 g5 28. Ke3 Kg7 29. Rxd5 Bxd5 30. Rc7+ Kg6 31. b4 Rd6 32. a5 Bc6 33. Re7 Kf5 34. Ne1 Rd7 35. Rxd7 Bxd7 36. f3 Bc6 37. Nd3 e5 38. dxe5 fxe5 39. Nc5 g4 40. Nd3 Bb5 41. Nc5 Bc6 42. Nd3 Ke6 43. Nf2 gxf3 44. gxf3 Kd5 45. Nd3 Bb5 46. Nb2 Bd7 47. Nd3 Bf5 48. Nc5 Kc4 49. Nxb7 Kxb4 50. g4 hxg4 51. fxg4 Bxg4 52. Ke4 Bh3 53. Kxe5 Bg2 54. Nd6 Kxa5 55. Kd4 Kb4 56. Kd3 Kb3 57. Kd2 Kb2 58. Nc4+ Kb1 59. Kc3 Ka2 60. Kb4 Bf1 61. Nb6 Bb5 62. Nd5 1/2-1/2